000 00214nam a2200109Ia 4500
100 _a#N/A
942 _cBK
245 _aSOFTWARE TO SUPER CHARGE YOUR NOTEBOOK
260 _b#N/A
546 _aENGLISH
999 _c30827
_d30827